<?xml version="1.0" encoding="UTF-8"?>
<record
    xmlns:xsi="http://www.w3.org/2001/XMLSchema-instance"
    xsi:schemaLocation="http://www.loc.gov/MARC21/slim http://www.loc.gov/standards/marcxml/schema/MARC21slim.xsd"
    xmlns="http://www.loc.gov/MARC21/slim">

  <leader>01989cam a2200337 a 4500</leader>
  <controlfield tag="001">13558611</controlfield>
  <controlfield tag="005">20171019140223.0</controlfield>
  <controlfield tag="008">040414s2004    enk    | b    001 0 eng d</controlfield>
  <datafield tag="010" ind1=" " ind2=" ">
    <subfield code="a">  2004271566</subfield>
  </datafield>
  <datafield tag="015" ind1=" " ind2=" ">
    <subfield code="a">GBA3-V4848</subfield>
  </datafield>
  <datafield tag="020" ind1=" " ind2=" ">
    <subfield code="a">9780199267217</subfield>
  </datafield>
  <datafield tag="020" ind1=" " ind2=" ">
    <subfield code="a">9780199291625</subfield>
  </datafield>
  <datafield tag="035" ind1=" " ind2=" ">
    <subfield code="a">(OCoLC)ocm52829942</subfield>
  </datafield>
  <datafield tag="040" ind1=" " ind2=" ">
    <subfield code="a">PUL</subfield>
    <subfield code="c">PUL</subfield>
    <subfield code="d">UKM</subfield>
    <subfield code="d">NDD</subfield>
    <subfield code="d">C#P</subfield>
    <subfield code="d">UNA</subfield>
    <subfield code="d">DLC</subfield>
  </datafield>
  <datafield tag="042" ind1=" " ind2=" ">
    <subfield code="a">pcc</subfield>
  </datafield>
  <datafield tag="050" ind1="0" ind2="0">
    <subfield code="a">JZ6369</subfield>
    <subfield code="b">.H86 2004</subfield>
  </datafield>
  <datafield tag="082" ind1="0" ind2="0">
    <subfield code="a">341.584</subfield>
    <subfield code="2">22</subfield>
    <subfield code="b">HUM</subfield>
  </datafield>
  <datafield tag="245" ind1="0" ind2="0">
    <subfield code="a">Humanitarian intervention and International Relations /</subfield>
    <subfield code="c">Edited by Jennifer M. Welsh.</subfield>
  </datafield>
  <datafield tag="260" ind1=" " ind2=" ">
    <subfield code="a">Oxford :</subfield>
    <subfield code="b">Oxford University Press,</subfield>
    <subfield code="c">2004.</subfield>
  </datafield>
  <datafield tag="300" ind1=" " ind2=" ">
    <subfield code="a">viii, 234 p. ;</subfield>
    <subfield code="c">24 cm.</subfield>
  </datafield>
  <datafield tag="504" ind1=" " ind2=" ">
    <subfield code="a">Includes bibliographical references and index.</subfield>
  </datafield>
  <datafield tag="505" ind1="0" ind2=" ">
    <subfield code="a">Introduction / Jennifer M. Welsh -- Limiting sovereignty / Henry Shue -- The humanitarian responsibilities of sovereignty : explaining the development of a new norm of military intervention for humanitarian purposes in international society / Nicholas J. Wheeler -- Taking consequences seriously : objections to humanitarian intervention / Jennifer M. Welsh -- The United Nations and humanitarian intervention / Adam Roberts -- Humanitarian intervention in the Balkans / Nicholas Morris -- Humanitarian intervention and international society : lessons from Africa / James Mayall -- International intervention in East Timor / Ian Martin -- Humanitarian intervention and Afghanistan / Simon Chesterman -- Conclusion: Humanitarian intervention after 11 September / Jennifer M. Welsh.</subfield>
  </datafield>
  <datafield tag="541" ind1=" " ind2=" ">
    <subfield code="a">Bacca ;</subfield>
  </datafield>
  <datafield tag="650" ind1=" " ind2="0">
    <subfield code="a">International relations.</subfield>
    <subfield code="9">15796</subfield>
  </datafield>
  <datafield tag="650" ind1=" " ind2="0">
    <subfield code="9">15795</subfield>
    <subfield code="a">Humanitarian intervention</subfield>
  </datafield>
  <datafield tag="700" ind1="1" ind2=" ">
    <subfield code="a">Welsh, Jennifer M.</subfield>
    <subfield code="q">(Jennifer Mary),</subfield>
    <subfield code="d">1965-</subfield>
    <subfield code="e">Editor</subfield>
    <subfield code="9">15797</subfield>
  </datafield>
  <datafield tag="856" ind1="4" ind2="2">
    <subfield code="3">Publisher description</subfield>
    <subfield code="u">http://www.loc.gov/catdir/enhancements/fy0620/2004271566-d.html</subfield>
  </datafield>
  <datafield tag="942" ind1=" " ind2=" ">
    <subfield code="2">ddc</subfield>
    <subfield code="c">BB</subfield>
  </datafield>
  <datafield tag="999" ind1=" " ind2=" ">
    <subfield code="c">14356</subfield>
    <subfield code="d">14356</subfield>
  </datafield>
  <datafield tag="952" ind1=" " ind2=" ">
    <subfield code="0">0</subfield>
    <subfield code="1">0</subfield>
    <subfield code="2">ddc</subfield>
    <subfield code="4">0</subfield>
    <subfield code="7">0</subfield>
    <subfield code="8">Baccah</subfield>
    <subfield code="a">MAIN</subfield>
    <subfield code="b">MAIN</subfield>
    <subfield code="c">1ST</subfield>
    <subfield code="d">2010-07-04</subfield>
    <subfield code="e">purchase</subfield>
    <subfield code="g">225.00</subfield>
    <subfield code="h">10484</subfield>
    <subfield code="l">15</subfield>
    <subfield code="m">27</subfield>
    <subfield code="o">341.584 HUM</subfield>
    <subfield code="p">000021344</subfield>
    <subfield code="r">2025-07-15 00:00:00</subfield>
    <subfield code="s">2018-04-15</subfield>
    <subfield code="y">BB</subfield>
  </datafield>
</record>
